|
|
|
|
| LEADER |
01851nam a2200373 a 4500 |
| 001 |
mzk03001045044 |
| 003 |
CZ BrMZK |
| 005 |
20111129100635.0 |
| 007 |
ta |
| 008 |
070125s1727 xr fr|||||00| ||gerod |
| 040 |
|
|
|a BOA001
|b cze
|
| 041 |
0 |
|
|a ger
|a lat
|
| 072 |
|
7 |
|a 094
|x Staré tisky
|2 Konspekt
|9 12
|
| 080 |
|
|
|a (0.068)094
|2 MRF
|
| 100 |
1 |
|
|a Felsenecker, Sebastian,
|d činný 1731
|7 xx0099676
|4 aut
|
| 245 |
1 |
0 |
|a Zwey ohne Gefahren von Reich zu Reich biß in das Himmelreich Glorreich abgefahrene Heilige Aloysius Gonzaga, Und Stanislaus Kostka, Beede Auß der Gesellschafft Jesu, Deren Acht-Tägige Canonizations-Solennität in dem Gottes-Hauß S. Michaëlis, bey denen Wohl-Ehrwürdigen P.P. gedachter Societät in der Königlichen Stadt Znaymb in Marggraffthumb Mähren trostreich begangen worden Im Jahr Christi 1727 /
|c Vorgetragen Von P. Sebastiano Felsenecker, deß Heil. Exempten Praemonstratenser Ordens zu Closter-Bruck nebst Znaymb Canonico Regulari
|
| 260 |
|
|
|a Gedruckt zu Znaymb :
|b bey Anna Theresia Swobodin, Wittib,
|c [1727?]
|
| 300 |
|
|
|a A-B4 [=8] listů ;
|c 4°
|
| 500 |
|
|
|a Konvolut je průběžně rukopisně paginován
|
| 500 |
|
|
|a Výzdoba: Vlys
|
| 501 |
|
|
|a Přívazek 21 k: Festum duplex, Oder Ein doppeltes Geburths=Fest ... / Marcianus Oenipontanus
|
| 546 |
|
|
|a V německém textu latinské pasáže
|
| 655 |
|
7 |
|a staré tisky
|7 fd422076
|2 czenas
|
| 700 |
0 |
|
|a Alois Gonzaga,
|c svatý,
|d 1568-1591
|7 jn20030509001
|4 hnr
|
| 700 |
0 |
|
|a Stanislav Kostka,
|c svatý,
|d 1550-1568
|7 xx0029950
|4 hnr
|
| 903 |
|
|
|a RP
|
| 910 |
|
|
|a BOA001
|b ZK-0000.751,přív.21
|
| 978 |
|
|
|b Svobodová, Anna Terezie
|a Znojmo
|c 1727
|
| 984 |
|
|
|a Znojmo
|b Česko
|
| 985 |
|
|
|a 1701-1750
|
| 990 |
|
|
|a BK
|
| 993 |
|
|
|a Y
|
| 991 |
|
|
|k mzk
|
| 994 |
|
|
|a UP
|l MZK03
|b 001045003
|m přívazek 21
|n záznam 1. díla (pro objednání pokračujte kliknutím)
|